| 000 | 01617nam a22004697a 4500 | ||
|---|---|---|---|
| 001 | 248 | ||
| 003 | FISKH | ||
| 005 | 20230309165205.0 | ||
| 008 | 230309b cb ||||| |||| 00| 0 eng d | ||
| 020 | _a9780545802215 | ||
| 040 |
_aDLC _beng _cDLC _dIG# _dJRS _dOCLCO _dKAY _dUPZ _dBDX _dYDXCP _dIEP _dDLC _dFISKH |
||
| 042 | _alcac | ||
| 043 | _an-us-ak | ||
| 050 | 0 | 0 |
_aPZ7.S52784 _bIce 2012 |
| 082 | 0 | 0 |
_a159 _222 |
| 100 | 1 | _aShahan, Sherry. | |
| 245 | 1 | 0 |
_aIce island / _cSherry Shahan. |
| 250 | _a1st ed. | ||
| 260 |
_aNew York _bScholastic _c2014 |
||
| 300 |
_a168 p. ; _c20 cm. |
||
| 505 | _aK | ||
| 520 | _aThirteen-year-old Tatum's dream of competing in the grueling 1,049-mile Iditarod Trail Sled Dog Race may be at an end when she becomes lost in a freak snowstorm during a training run on Alaska's remote Santa Ysabel Island. | ||
| 521 | 8 |
_a610
_bLexile |
|
| 521 | 8 |
_aK
_bRaz-Plus |
|
| 611 | 2 | 0 |
_aIditarod (Race) _vJuvenile fiction. |
| 611 | 2 | 1 |
_aIditarod (Race) _vFiction. |
| 650 | 0 |
_aDogsledding _vJuvenile fiction. |
|
| 650 | 0 |
_aSled dogs _vJuvenile fiction. |
|
| 650 | 0 |
_aDogs _vJuvenile fiction. |
|
| 650 | 0 |
_aSurvival _vJuvenile fiction. |
|
| 650 | 0 |
_aIndians of North America _zAlaska _vJuvenile fiction. |
|
| 650 | 1 |
_aDogsledding _vFiction. |
|
| 650 | 1 |
_aSled dogs _vFiction. |
|
| 650 | 1 |
_aDogs _vFiction. |
|
| 650 | 1 |
_aSurvival _vFiction. |
|
| 650 | 1 |
_aIndians of North America _zAlaska _vFiction. |
|
| 651 | 0 |
_aAlaska _vJuvenile fiction. |
|
| 651 | 1 |
_aAlaska _vFiction. |
|
| 655 | 0 | _aAdventure stories. | |
| 906 |
_a7 _bcbc _corignew _d1 _eecip _f20 _gy-gencatlg |
||
| 942 |
_2lcc _cBK _n0 |
||
| 999 |
_c248 _d248 |
||